The Essentials of Calculus /

Gespeichert in:
Bibliographische Detailangaben
Weitere Verfasser: Fogiel, Max (dir.) Dirigiert von
Format: Buch
Sprache:Englisch
Schlagworte:
Tags: Tag hinzufügen
Keine Tags, Fügen Sie das erste Tag hinzu!

MARC

LEADER 00000nam^a2200000^a^4500
001 000032888
005 20250521000000.0
009 20260310085138.74
020 |a 0-87891-577-X 
037 |a Acervo ITESO - Biblioteca 
041 |a ING 
082 |a 515.  |b FOG V. 1 
100 |a Fogiel, Max  |e (dir.) 
245 1 4 |a The Essentials of Calculus /  |c M. Fogiel (dir.). 
264 |a Piscataway, EUA :  |b Research and Education Association,  |c 1987 
300 |a 71 p. 
336 |a texto  |b txt  |2 rdacontenido 
337 |a sin mediación  |b n  |2 rdamedio 
338 |a volumen  |b nc  |2 rdasoporte 
649 |a XX 
650 |a Cálculo 
910 |a Fondo General 
920 |a Impresos - Libros 
930 |a Colección General 
905 |a 101 
901 |a 0328880100  |b IT1  |c ACC  |i 032888  |u 20250521 
902 |a https://opac.biblio.iteso.mx/vufind/Record/000032888